000 00476nam a2200193Ia 4500
008 170918s9999 xx 000 0 und d
020 _a43914034x
050 _bS935 1999
100 _aSturges, Philemon
245 _aI love trucks! /
245 _cPhilemon Sturges ; illustrated by Shari Halpern.
260 _aNew York :
260 _bScholastic,
260 _c1999
300 _aunpaged :
300 _bcolored illustration ;
300 _c22cm.
500 _aBR
999 _c340953
_d340953